000 00511nam a2200205Ia 4500
005 20250923150313.0
008 008 250917s9999 xx 000 0 eng d
037 _aTextual
040 _aDSWL
_beng
_cDSWL
041 _aeng
_2eng
084 _qDSWL
245 0 _aGender: A sociological reader
_cEd.by S Jackson
260 _aLondon
_bRoutledge
_c2013
300 _a465p.
365 _aINR
_b1524.6
650 _aSue Scott
_9844489
925 _g1524.6
942 _cTEXL
999 _c1461915
_d1461915